[Event "Elit(Rockaden,Umea-LASK)"]
[Site "?"]
[Date "2012.10.05"]
[Round "1"]
[White "Dragicevic, Drazen"]
[Black "Mardell, Jimmy"]
[Result "1-0"]
[WhiteElo "2342"]
[BlackElo "2187"]
[PlyCount "67"]
[EventDate "2012.??.??"]

1. Nf3 Nf6 2. c4 c5 3. d4 cxd4 4. Nxd4 e5 5. Nb5 d5 6. cxd5 Bc5 7. e3 O-O 8.
N5c3 e4 9. Be2 Qe7 10. O-O Rd8 11. Qc2 Bf5 12. Rd1 Na6 13. a3 Rac8 14. b4 Bd6
15. Bb2 Ng4 16. h3 Nf6 17. Bf1 Bb8 18. Qb3 Qd6 19. g3 Qd7 20. Kh2 h5 21. Ne2
Qd6 22. Nbc3 h4 23. Nb5 Qb6 24. Nf4 hxg3+ 25. fxg3 Bxf4 26. gxf4 Nxd5 27. Bc4
Rxc4 28. Qxc4 Qxe3 29. Qf1 Rc8 30. Rac1 Nxf4 31. Rxc8+ Bxc8 32. Bc1 Qe2+ 33.
Qxe2 Nxe2 34. Rd8+ 1-0

[Event "Elit(Rockaden,Umea-LASK)"]
[Site "?"]
[Date "2012.10.05"]
[Round "1"]
[White "Eriksson, Simon"]
[Black "Hagen, Andreas Skytte"]
[Result "0-1"]
[WhiteElo "2029"]
[BlackElo "2471"]
[PlyCount "62"]
[EventDate "2012.??.??"]

1. d4 d5 2. c4 e6 3. Nc3 Be7 4. cxd5 exd5 5. Bf4 c6 6. Qc2 Nf6 7. e3 Nh5 8. Bg3
Nd7 9. Bd3 h6 10. Nge2 Nxg3 11. hxg3 Nf6 12. f3 Be6 13. O-O-O Qa5 14. Kb1 O-O-O
15. Nc1 Kb8 16. Nb3 Qc7 17. g4 Rhe8 18. Rhe1 Bc8 19. Bf5 Bd6 20. Bxc8 Rxc8 21.
Qf5 Re6 22. Nc5 Bxc5 23. dxc5 Rce8 24. g5 Re5 25. Qf4 hxg5 26. Qd4 Nh5 27. Rh1
Ng3 28. Rh7 Nf5 29. Qd3 Nxe3 30. Rdh1 g6 31. Rg7 Nxg2 0-1

[Event "Elit(Vasteras-Limhamn)"]
[Site "?"]
[Date "2012.10.06"]
[Round "2"]
[White "Sjodahl, Pontus"]
[Black "Ahlander, Bjorn"]
[Result "0-1"]
[WhiteElo "2490"]
[BlackElo "2498"]
[PlyCount "76"]
[EventDate "2012.??.??"]

1. d4 Nf6 2. c4 e6 3. g3 d5 4. Bg2 dxc4 5. Qa4+ Nbd7 6. Qxc4 a6 7. Nh3 c5 8.
dxc5 Bxc5 9. O-O O-O 10. Nf4 b5 11. Qb3 Rb8 12. a4 bxa4 13. Qxa4 e5 14. Nd3 Bd4
15. Nc3 h6 16. Nb4 Nc5 17. Qa3 Qd7 18. e3 Bxc3 19. Qxc3 Nce4 20. Qa3 Bb7 21.
Nd3 Rfd8 22. Nxe5 Qf5 23. Qe7 Rd1 24. Qxf7+ Kh7 25. f4 Nd6 26. Qb3 Bxg2 27.
Qxd1 Bxf1 28. Qxf1 Rc8 29. Rxa6 Nde4 30. Rc6 Rd8 31. Kg2 Ng4 32. Nxg4 Qxg4 33.
Qf3 Qf5 34. g4 Qd5 35. Rc7 Qd3 36. g5 Kh8 37. gxh6 gxh6 38. b4 Rg8+ 0-1

[Event "Elit(Vasteras-Limhamn)"]
[Site "?"]
[Date "2012.10.06"]
[Round "2"]
[White "Brynell, Stellan"]
[Black "Eriksson, Anders"]
[Result "0-1"]
[WhiteElo "2572"]
[BlackElo "2331"]
[PlyCount "100"]
[EventDate "2012.??.??"]

1. d4 Nf6 2. Nf3 c5 3. d5 b5 4. c4 Bb7 5. Qc2 bxc4 6. e4 d6 7. Bxc4 g6 8. Nc3
Nbd7 9. O-O Bg7 10. h3 O-O 11. Re1 Nb6 12. Bf1 a5 13. Bg5 Ba6 14. Bxa6 Rxa6 15.
Qd3 Qa8 16. Rad1 c4 17. Qe2 Re8 18. Be3 Nfd7 19. Bd4 a4 20. Bxg7 Kxg7 21. e5
dxe5 22. Nxe5 Nf6 23. Qd2 a3 24. bxa3 Rxa3 25. Qd4 Ra6 26. Re3 Rd8 27. Nc6 Rxd5
28. Nxd5 Nbxd5 29. Nxe7 Nxe3 30. Qxe3 Re6 31. Qc5 Qe8 32. Nxg6 Rc6 33. Qd4 hxg6
34. Rc1 Qe4 35. Qc3 Kh7 36. f3 Qf4 37. Rd1 g5 38. Rd4 Qc7 39. h4 gxh4 40. Rxh4+
Kg8 41. Rd4 Qb6 42. Kh2 Qc5 43. Rd8+ Kh7 44. a4 Ng4+ 45. Kg3 Qe5+ 46. Qxe5 Nxe5
47. Rd2 c3 48. Rc2 Nd3 49. a5 Nb4 50. Rc1 c2 0-1

[Event "Elit(Vasteras-Limhamn)"]
[Site "?"]
[Date "2012.10.06"]
[Round "2"]
[White "Nilsson, Andre"]
[Black "Johansson, Linus"]
[Result "1/2-1/2"]
[WhiteElo "2300"]
[BlackElo "2357"]
[PlyCount "31"]
[EventDate "2012.??.??"]

1. g3 Nf6 2. Bg2 e6 3. Nf3 b6 4. O-O Bb7 5. d3 Be7 6. e4 d6 7. b3 Nbd7 8. Bb2
c5 9. Nbd2 Qc7 10. a4 a6 11. Nc4 d5 12. exd5 exd5 13. Nce5 O-O 14. Nxd7 Nxd7
15. Re1 Rfe8 16. Qd2 1/2-1/2

[Event "Elit(Vasteras-Limhamn)"]
[Site "?"]
[Date "2012.10.06"]
[Round "2"]
[White "Schneider, Stefan"]
[Black "Brustkern, Jurgen"]
[Result "1-0"]
[WhiteElo "2409"]
[BlackElo "2291"]
[PlyCount "67"]
[EventDate "2012.??.??"]

1. d4 Nf6 2. c4 c5 3. d5 b5 4. Qc2 bxc4 5. e4 g6 6. Bxc4 Bg7 7. Nf3 d6 8. O-O
O-O 9. Nc3 Ba6 10. Nd2 Bxc4 11. Nxc4 Nbd7 12. Bd2 Ng4 13. Nb5 a6 14. Nba3 Rb8
15. Rab1 f5 16. h3 Nge5 17. f4 Nxc4 18. Nxc4 fxe4 19. Qxe4 Nf6 20. Qd3 Qd7 21.
f5 Qb7 22. Ne3 Qb5 23. Qc2 c4 24. fxg6 Nxd5 25. gxh7+ Kh8 26. Nf5 Nb4 27. Bxb4
Rxf5 28. Rxf5 Qxb4 29. Rbf1 e6 30. Rf7 Qc5+ 31. Kh1 Qg5 32. Qxc4 d5 33. Qd3
Rxb2 34. Rf8+ 1-0

[Event "Elit(Vasteras-Limhamn)"]
[Site "?"]
[Date "2012.10.06"]
[Round "2"]
[White "Janse, Rasmus"]
[Black "Lindgren, Philip"]
[Result "1/2-1/2"]
[WhiteElo "2279"]
[BlackElo "2344"]
[PlyCount "39"]
[EventDate "2012.??.??"]

1. d4 Nf6 2. c4 e6 3. Nc3 Bb4 4. e3 O-O 5. Bd3 d5 6. Nge2 dxc4 7. Bxc4 c5 8.
O-O cxd4 9. exd4 Nc6 10. Bg5 Be7 11. Qd2 a6 12. a4 h6 13. Bf4 Nb4 14. Be5 Bd7
15. Rad1 Rc8 16. Bb3 Bc6 17. Nf4 Nbd5 18. Ncxd5 Bxd5 19. Bxf6 Bxf6 20. Nxd5
1/2-1/2

[Event "Elit(Vasteras-Limhamn)"]
[Site "?"]
[Date "2012.10.06"]
[Round "2"]
[White "Helgason, Reynir"]
[Black "Norberg, Erik"]
[Result "1/2-1/2"]
[WhiteElo "2394"]
[BlackElo "2239"]
[PlyCount "145"]
[EventDate "2012.??.??"]

1. d4 g6 2. e4 Bg7 3. Nf3 d6 4. c3 Nf6 5. Bd3 O-O 6. O-O c6 7. Re1 Qc7 8. Bg5
e5 9. Nbd2 h6 10. Bh4 Nbd7 11. a4 Re8 12. Nc4 Nf8 13. dxe5 dxe5 14. Bf1 Bg4 15.
Qd6 Qxd6 16. Nxd6 Re7 17. Be2 Ne6 18. h3 Bxf3 19. Bxf3 Rd8 20. Nc4 Nc5 21. b4
Nd3 22. Red1 Red7 23. Bxf6 Bxf6 24. Bg4 Rc7 25. Rd2 b5 26. axb5 h5 27. Be2 cxb5
28. Ne3 Nf4 29. Rxd8+ Bxd8 30. Bxb5 Rxc3 31. Rxa7 Bb6 32. Ra2 Rb3 33. Nd5 Nxd5
34. exd5 Rxb4 35. Bc6 Rd4 36. g3 Kf8 37. Kg2 Ke7 38. Rb2 Bc7 39. Ra2 Bb6 40.
Rb2 Bc7 41. Rb7 Kd8 42. h4 Rd3 43. Kf1 Rd2 44. Ke1 Rd4 45. Ke2 f6 46. Ra7 g5
47. Ra8+ Ke7 48. Rh8 gxh4 49. gxh4 Bb6 50. Rxh5 Re4+ 51. Kd1 Rf4 52. f3 Bf2 53.
Rh7+ Kd6 54. h5 Rxf3 55. h6 Rh3 56. Rd7+ Kc5 57. h7 Bd4 58. Rf7 e4 59. Re7 Rh1+
60. Kc2 Rh2+ 61. Kd1 e3 62. Bb7 Be5 63. Ba6 Kxd5 64. Bd3 f5 65. Bxf5 e2+ 66.
Kd2 Bf4+ 67. Kd3 Be5 68. Kd2 Kd4 69. Rd7+ Kc5 70. Re7 Kd5 71. Bg4 Bf4+ 72. Kd3
Rxh7 73. Rxe2 1/2-1/2

[Event "Elit(Burgsvik-LASK)"]
[Site "?"]
[Date "2012.10.06"]
[Round "2"]
[White "Tikkanen, Hans"]
[Black "Fries Nielsen, Niels J"]
[Result "1-0"]
[WhiteElo "2638"]
[BlackElo "2398"]
[PlyCount "99"]
[EventDate "2012.??.??"]

1. d4 Nf6 2. c4 c5 3. d5 b5 4. cxb5 a6 5. bxa6 Bxa6 6. g3 d6 7. Bg2 g6 8. Nc3
Bg7 9. Nf3 O-O 10. O-O Nbd7 11. Rb1 Ne8 12. Qc2 Nc7 13. Rd1 Nb6 14. Nh4 Nb5 15.
Nxb5 Bxb5 16. b3 Bd7 17. e4 Qc7 18. Bf1 Rfb8 19. Ng2 Qa7 20. Rd2 Qa5 21. Ne3
Bc3 22. Rd3 Bd4 23. a4 Bc8 24. Rd1 Bc3 25. Bb5 Bg7 26. Bd2 Qa7 27. Nc4 Ba6 28.
Bc6 Nxc4 29. bxc4 Rxb1 30. Rxb1 Rb8 31. Rxb8+ Qxb8 32. Bb5 Bc8 33. a5 f5 34. a6
fxe4 35. Qxe4 Be5 36. Qf3 Bf6 37. Qa3 Bxa6 38. Qxa6 Qf8 39. Be3 Bd4 40. Qa3 Qf5
41. Qc1 Qd3 42. Bd7 h5 43. Bxd4 cxd4 44. Qh6 Qb1+ 45. Kg2 Qe4+ 46. Kh3 Kf7 47.
Be6+ Kf6 48. Qf8+ Kg5 49. f4+ Qxf4 50. gxf4# 1-0

[Event "Elit(Burgsvik-LASK)"]
[Site "?"]
[Date "2012.10.06"]
[Round "2"]
[White "Fries Nielsen, Jens Ove"]
[Black "Grandelius, Nils"]
[Result "1-0"]
[WhiteElo "2419"]
[BlackElo "2662"]
[PlyCount "59"]
[EventDate "2012.??.??"]

1. d4 d5 2. Bf4 c5 3. e3 Nc6 4. Nc3 cxd4 5. exd4 Bf5 6. g4 Bg6 7. Bd3 e6 8.
Nge2 Bb4 9. h4 Nf6 10. f3 Rc8 11. h5 Bxd3 12. Qxd3 Qa5 13. a3 Nd7 14. Bd2 e5
15. Rc1 Be7 16. Qf5 Qd8 17. Nxd5 O-O 18. g5 Bd6 19. h6 g6 20. Qxd7 exd4 21.
Nf6+ Kh8 22. Qxd8 Rfxd8 23. Kf2 Ne5 24. Bf4 Nc4 25. Bxd6 Rxd6 26. Rcd1 Nxb2 27.
Rxd4 Rxd4 28. Nxd4 Rc4 29. Re1 Rxd4 30. Re8# 1-0

[Event "Elit(Burgsvik-LASK)"]
[Site "?"]
[Date "2012.10.06"]
[Round "2"]
[White "Andersson, Tommy"]
[Black "Hillarp Persson, Tiger"]
[Result "1/2-1/2"]
[WhiteElo "2390"]
[BlackElo "2545"]
[PlyCount "102"]
[EventDate "2012.??.??"]

1. d4 e6 2. c4 c5 3. e3 Nf6 4. Nf3 d5 5. Nc3 a6 6. dxc5 Bxc5 7. a3 Ba7 8. cxd5
exd5 9. Be2 Nc6 10. O-O O-O 11. b4 Re8 12. Bb2 Bg4 13. b5 Na5 14. bxa6 bxa6 15.
Na4 Ne4 16. Nd4 Bxe2 17. Nxe2 Nc4 18. Bd4 Bb8 19. Ra2 Re6 20. Nf4 Bxf4 21. exf4
Ned6 22. Ba1 Nb5 23. Nc3 d4 24. Nb1 d3 25. f5 Re8 26. a4 Nc7 27. Na3 Ne5 28.
Rd2 Qd5 29. Bxe5 Qxe5 30. Rxd3 Qxf5 31. Nc4 Qe6 32. Nd6 Red8 33. Re1 Qg6 34.
Nf5 Re8 35. Ne7+ Rxe7 36. Rxe7 Ne6 37. Rd8+ Rxd8 38. Qxd8+ Nf8 39. g3 Qc6 40.
a5 Qc1+ 41. Kg2 Qc6+ 42. f3 Qc2+ 43. Kg1 Qc1+ 44. Kf2 Qh1 45. Re8 Qxh2+ 46. Ke3
Qg1+ 47. Kd3 Qd1+ 48. Ke3 Qe1+ 49. Kd3 Qd1+ 50. Ke3 Qe1+ 51. Kd3 Qd1+ 1/2-1/2

[Event "Elit(Burgsvik-LASK)"]
[Site "?"]
[Date "2012.10.06"]
[Round "2"]
[White "Hagen, Andreas Skytte"]
[Black "Larsson, Victor"]
[Result "1-0"]
[WhiteElo "2471"]
[BlackElo "2165"]
[PlyCount "65"]
[EventDate "2012.??.??"]

1. d4 d5 2. c4 e6 3. Nc3 Be7 4. cxd5 exd5 5. Bf4 c6 6. e3 Bf5 7. g4 Be6 8. h3
Nd7 9. Bd3 Nb6 10. Be5 f6 11. Bf4 Qd7 12. Qc2 g5 13. Bg3 Bb4 14. Nge2 O-O-O 15.
O-O-O Nc4 16. Qa4 a5 17. Bxc4 dxc4 18. a3 b5 19. Qc2 Bf8 20. d5 cxd5 21. Nxd5
Bxd5 22. e4 Qb7 23. Rxd5 Rxd5 24. exd5 Bc5 25. Rd1 Ne7 26. d6 Rd8 27. dxe7
Rxd1+ 28. Kxd1 Qd7+ 29. Qd2 Qxe7 30. Qxa5 Qd7+ 31. Kc1 Qb7 32. Nc3 Qe7 33. Qa8+
1-0

[Event "Elit(Burgsvik-LASK)"]
[Site "?"]
[Date "2012.10.06"]
[Round "2"]
[White "Andersson, Bjorn"]
[Black "Nilsson, Sebastian"]
[Result "1/2-1/2"]
[WhiteElo "2315"]
[BlackElo "2385"]
[PlyCount "104"]
[EventDate "2012.??.??"]

1. e4 c5 2. Nf3 d6 3. d4 cxd4 4. Nxd4 Nf6 5. Nc3 a6 6. Be2 e6 7. O-O Be7 8. f4
O-O 9. Kh1 Qc7 10. a4 Nc6 11. f5 Nxd4 12. Qxd4 Qc5 13. Qd3 Nd7 14. Be3 Qc7 15.
Bf4 Ne5 16. Qg3 Kh8 17. Rad1 Bd7 18. Bg5 Bc6 19. Bxe7 Qxe7 20. Rf4 Rab8 21.
Rdf1 exf5 22. exf5 f6 23. Bc4 b5 24. axb5 axb5 25. Be6 b4 26. Nd5 Bxd5 27. Bxd5
Qc7 28. Rh4 h6 29. Bb3 Qc5 30. Rd1 Rb6 31. Rd5 Ra8 32. Qe1 Qc8 33. Rf4 Qa6 34.
Rd1 Qa5 35. h3 Qc5 36. Qd2 Kh7 37. Rd4 Raa6 38. Qf4 Ra8 39. Qg3 Qc8 40. Qe1 Qb8
41. Qe4 Ra5 42. g4 Qa7 43. Kg2 Ra1 44. Qd5 Rb8 45. Rxa1 Qxa1 46. Qxd6 Qe1 47.
Rf4 Qe2+ 48. Rf2 Qe4+ 49. Kh2 Qe3 50. Kg2 Qe4+ 51. Kh2 Qe3 52. Kg2 Qe4+ 1/2-1/2

[Event "Elit(Burgsvik-LASK)"]
[Site "?"]
[Date "2012.10.06"]
[Round "2"]
[White "Akerman, Axel"]
[Black "Olsson, Linus"]
[Result "0-1"]
[WhiteElo "2134"]
[BlackElo "2314"]
[PlyCount "72"]
[EventDate "2012.??.??"]

1. e4 c5 2. Nc3 e6 3. f4 Nc6 4. Nf3 a6 5. Be2 d5 6. d3 Nf6 7. O-O Be7 8. e5 Nd7
9. Qe1 Nb6 10. a3 Bd7 11. Nd1 Qc7 12. Qg3 g6 13. Bd2 O-O-O 14. Ne3 h6 15. c3
Rdg8 16. b4 Kb8 17. bxc5 Bxc5 18. d4 Be7 19. c4 dxc4 20. Rfc1 g5 21. Nxc4 g4
22. Ne1 Nxd4 23. Bf1 Nf5 24. Qf2 Nxc4 25. Rxc4 Bc6 26. g3 Qd7 27. Rc3 Rd8 28.
Rd3 Qc7 29. Rc3 Qd7 30. Rd3 Qe8 31. Rc3 h5 32. Rb1 h4 33. Rxc6 Qxc6 34. Bg2 Bc5
35. Rxb7+ Qxb7 36. Qxc5 Qa7 0-1

[Event "Elit(Rockaden,Umea-Eksjo)"]
[Site "?"]
[Date "2012.10.06"]
[Round "2"]
[White "Cicak, Slavko"]
[Black "Malmstig, Erik"]
[Result "0-1"]
[WhiteElo "2590"]
[BlackElo "2359"]
[PlyCount "80"]
[EventDate "2012.??.??"]

1. e4 e5 2. Nf3 Nc6 3. Bb5 a6 4. Ba4 b5 5. Bb3 Bc5 6. O-O d6 7. c3 Bb7 8. d4
Bb6 9. Ng5 Nh6 10. Qh5 Qf6 11. Nf3 Qg6 12. Qh4 exd4 13. Bd5 dxc3 14. Nxc3 Ng4
15. Bxf7+ Qxf7 16. Qxg4 Nd4 17. Nxd4 Bxd4 18. Ne2 Bf6 19. Ng3 h5 20. Qf3 g6 21.
Re1 Qe6 22. Qe2 O-O-O 23. a4 b4 24. f3 Qb3 25. Rd1 Rhe8 26. Rd3 Qf7 27. Qc2 h4
28. Nf1 d5 29. Qb3 c5 30. exd5 Bxd5 31. Qc2 c4 32. Be3 Kb7 33. Rd2 h3 34. Bf2
Bg5 35. Rad1 hxg2 36. Ng3 Bxd2 37. Qxd2 c3 38. Qd4 Ka8 39. Qxb4 c2 40. Rc1 Bxf3
0-1

[Event "Elit(Rockaden,Umea-Eksjo)"]
[Site "?"]
[Date "2012.10.06"]
[Round "2"]
[White "Forsberg, Viktor"]
[Black "Gdanski, Jacek"]
[Result "1/2-1/2"]
[WhiteElo "2314"]
[BlackElo "2587"]
[PlyCount "92"]
[EventDate "2012.??.??"]

1. e4 e6 2. d4 d5 3. Nc3 Bb4 4. e5 b6 5. a3 Bf8 6. b4 c5 7. bxc5 bxc5 8. dxc5
Nc6 9. Nf3 Bxc5 10. Bd3 Nge7 11. O-O Ng6 12. Bg5 Be7 13. Bxe7 Qxe7 14. Re1 O-O
15. Qd2 Bd7 16. Nb5 Qc5 17. Qe3 Qxe3 18. Rxe3 Rab8 19. Nbd4 Nge7 20. Ree1 Rb2
21. c4 Rc8 22. cxd5 Nxd4 23. Nxd4 Nxd5 24. Be4 Rc4 25. Bxd5 Rxd4 26. Bf3 g6 27.
Red1 Rxd1+ 28. Rxd1 Ba4 29. Rd8+ Kg7 30. h4 Rb5 31. Rd4 Bc2 32. Rd2 Bf5 33. Re2
Ra5 34. Re3 Ra4 35. g3 h6 36. Be2 g5 37. hxg5 hxg5 38. f3 Ra5 39. Kf2 Kf8 40.
f4 Kg7 41. Rc3 Ra4 42. Ke3 Re4+ 43. Kf3 Rd4 44. Ke3 Re4+ 45. Kf3 Ra4 46. Ke3
Re4+ 1/2-1/2

[Event "Elit(Rockaden,Umea-Eksjo)"]
[Site "?"]
[Date "2012.10.06"]
[Round "2"]
[White "Bejtovic, Jasmin"]
[Black "Eriksson, Jorgen"]
[Result "1-0"]
[WhiteElo "2457"]
[BlackElo "2258"]
[PlyCount "63"]
[EventDate "2012.??.??"]

1. c4 c5 2. g3 g6 3. Bg2 Bg7 4. Nc3 Nf6 5. e4 Nc6 6. Nge2 O-O 7. O-O d6 8. d3
Ne8 9. Be3 Nc7 10. d4 cxd4 11. Nxd4 Nxd4 12. Bxd4 Bxd4 13. Qxd4 Ne6 14. Qe3 Bd7
15. Rad1 Qc8 16. b3 Nc5 17. e5 dxe5 18. Nd5 Re8 19. Qxe5 Ne6 20. Rfe1 Qc5 21.
h4 Rad8 22. h5 f6 23. Qe2 Kf7 24. b4 Qc8 25. Qe3 g5 26. Qxa7 Qxc4 27. Qe3 Qb5
28. a4 Qa6 29. Bf1 Qxa4 30. Nb6 Qc6 31. Nxd7 Rxd7 32. Rxd7 1-0

[Event "Elit(Rockaden,Umea-Eksjo)"]
[Site "?"]
[Date "2012.10.06"]
[Round "2"]
[White "Hammar, Ulf"]
[Black "Vernersson, Per"]
[Result "1/2-1/2"]
[WhiteElo "2209"]
[BlackElo "2432"]
[PlyCount "90"]
[EventDate "2012.??.??"]

1. d4 d5 2. c4 dxc4 3. Nf3 Nf6 4. e3 e6 5. Bxc4 c5 6. O-O a6 7. a4 Nc6 8. Qe2
Qc7 9. Rd1 Bd6 10. Nc3 O-O 11. h3 b6 12. d5 exd5 13. Nxd5 Nxd5 14. Bxd5 Bb7 15.
b3 Rad8 16. e4 h6 17. Bb2 Rfe8 18. Qc4 Na5 19. Qc3 Bf8 20. Ne5 Bxd5 21. exd5 f6
22. Ng4 h5 23. Ne3 Qe5 24. Qxe5 fxe5 25. Rab1 b5 26. axb5 axb5 27. Bc3 Nb7 28.
Ra1 Nd6 29. Ra6 Rd7 30. Rda1 Ne4 31. Be1 Nf6 32. Ra7 Rxa7 33. Rxa7 Rd8 34. Ba5
Rd7 35. Rc7 Kf7 36. g4 Rxc7 37. Bxc7 hxg4 38. hxg4 Nd7 39. Kg2 g6 40. Kf3 Bh6
41. Ke4 Bf4 42. Bd6 Nf6+ 43. Kf3 Nd7 44. Ke4 Nf6+ 45. Kf3 Nd7 1/2-1/2

[Event "Elit(Rockaden,Umea-Eksjo)"]
[Site "?"]
[Date "2012.10.06"]
[Round "2"]
[White "De Verdier, Michael"]
[Black "Engman, Rickard"]
[Result "1-0"]
[WhiteElo "2429"]
[BlackElo "2254"]
[PlyCount "113"]
[EventDate "2012.??.??"]

1. Nf3 Nf6 2. c4 e6 3. Nc3 d5 4. d4 Bb4 5. e3 c5 6. Bd3 Nc6 7. O-O O-O 8. a3
Bxc3 9. bxc3 Qc7 10. cxd5 exd5 11. h3 c4 12. Bc2 Re8 13. Nd2 b5 14. f3 Bxh3 15.
Qe1 Bd7 16. Qh4 Ne7 17. Re1 Nf5 18. Qf2 Qg3 19. Qxg3 Nxg3 20. e4 dxe4 21. fxe4
Bg4 22. Kf2 Nfh5 23. Re3 Nh1+ 24. Kg1 N1g3 25. Nf3 f5 26. Ne5 Ne2+ 27. Kf2 Nxc1
28. Rxc1 f4 29. Ree1 Bc8 30. Rb1 a6 31. a4 Nf6 32. Kf3 g5 33. Ra1 Bb7 34. Reb1
Rab8 35. axb5 axb5 36. Ra5 Ra8 37. Rbxb5 Rxa5 38. Rxa5 Rf8 39. Ng4 Nxg4 40.
Rxg5+ Kh8 41. Rxg4 Ra8 42. Kxf4 Ra2 43. Bd1 Rd2 44. Bf3 Rd3 45. e5 Bc8 46. Rg5
Be6 47. d5 h6 48. Rg6 Bxd5 49. Bxd5 Rxd5 50. Rxh6+ Kg7 51. Rd6 Ra5 52. Rc6 Ra4
53. Kf5 Kf7 54. Rc7+ Ke8 55. Kf6 Kd8 56. Rg7 Ra3 57. e6 1-0

[Event "Elit(Rockaden,Umea-Eksjo)"]
[Site "?"]
[Date "2012.10.06"]
[Round "2"]
[White "Lindgren, Fredrik"]
[Black "Ornstein, Axel"]
[Result "1/2-1/2"]
[WhiteElo "2223"]
[BlackElo "2364"]
[PlyCount "80"]
[EventDate "2012.??.??"]

1. d4 Nf6 2. Nf3 e6 3. g3 b5 4. Bg2 Bb7 5. O-O c5 6. c3 d5 7. Bg5 Nbd7 8. Nbd2
Be7 9. a4 b4 10. c4 O-O 11. Re1 a5 12. Rc1 Rc8 13. cxd5 exd5 14. dxc5 Bxc5 15.
Nb3 Bxf2+ 16. Kxf2 Ne4+ 17. Kf1 Nxg5 18. Rxc8 Bxc8 19. Qxd5 Nxf3 20. Bxf3 Qf6
21. Nxa5 Ne5 22. Nc4 Nxc4 23. Qxc4 Qxb2 24. a5 b3 25. a6 Qa3 26. Rb1 b2 27. Qd3
Qxd3 28. exd3 Bxa6 29. Ke2 Rb8 30. Kd2 f5 31. Bd5+ Kf8 32. Kc3 Ke7 33. Bc4 Bxc4
34. dxc4 Kd6 35. Rxb2 Rxb2 36. Kxb2 Kc5 37. Kc3 g5 38. Kd3 f4 39. gxf4 gxf4 40.
h4 f3 1/2-1/2

[Event "Elit(Rockaden,Umea-Eksjo)"]
[Site "?"]
[Date "2012.10.06"]
[Round "2"]
[White "Krantz, Christopher"]
[Black "Mardell, Jimmy"]
[Result "1/2-1/2"]
[WhiteElo "2351"]
[BlackElo "2187"]
[PlyCount "81"]
[EventDate "2012.??.??"]

1. d4 Nf6 2. c4 c5 3. d5 b5 4. cxb5 a6 5. b6 e6 6. Nc3 Nxd5 7. Nxd5 exd5 8.
Qxd5 Nc6 9. Nf3 Rb8 10. e4 Be7 11. Bc4 O-O 12. O-O Rxb6 13. Bd2 d6 14. Bc3 Bf6
15. Qd3 Bg4 16. h3 Bxf3 17. Qxf3 Bxc3 18. bxc3 Ne5 19. Qe2 Nxc4 20. Qxc4 Qf6
21. Rad1 Re8 22. Rd2 Qe6 23. Qxe6 Rxe6 24. Rfd1 Kf8 25. f3 Ke7 26. Kf2 Kd7 27.
g4 Kc7 28. Ke3 a5 29. g5 h6 30. h4 hxg5 31. hxg5 a4 32. Rh1 a3 33. Rh8 Rg6 34.
Ra8 Rxg5 35. Rxa3 Kb7 36. Rb3 Rxb3 37. axb3 Kc6 38. Ra2 Kb7 39. Rd2 Kc6 40. Ra2
Kb7 41. Rd2 1/2-1/2

[Event "Elit(Rockaden,Umea-Eksjo)"]
[Site "?"]
[Date "2012.10.06"]
[Round "2"]
[White "Eriksson, Simon"]
[Black "Malesevic, Nedeljko"]
[Result "0-1"]
[WhiteElo "2029"]
[BlackElo "2358"]
[PlyCount "52"]
[EventDate "2012.??.??"]

1. d4 d5 2. c4 e6 3. Nc3 Nf6 4. cxd5 exd5 5. Bg5 c6 6. e3 Be7 7. Bd3 O-O 8. Qc2
Nbd7 9. Nge2 Re8 10. O-O h6 11. Bh4 Ne4 12. Bxe7 Qxe7 13. Rae1 Ndf6 14. f3 Nxc3
15. Nxc3 Rd8 16. Kh1 Be6 17. Qf2 c5 18. dxc5 Qxc5 19. Nb5 Bf5 20. Rc1 Qb6 21.
Bxf5 Qxb5 22. Bb1 Rac8 23. Qd2 Re8 24. a3 Rc5 25. b4 Rc6 26. Rxc6 Qxf1# 0-1

[Event "Elit(Orgryte-Rockaden,Sthlm)"]
[Site "?"]
[Date "2012.10.06"]
[Round "2"]
[White "Nielsen, Peter Heine"]
[Black "Tukhaev, Adam"]
[Result "1/2-1/2"]
[WhiteElo "2712"]
[BlackElo "2599"]
[PlyCount "133"]
[EventDate "2012.??.??"]

1. Nf3 d6 2. d4 f5 3. g3 Nf6 4. Bg2 g6 5. O-O Bg7 6. c4 O-O 7. Nc3 c6 8. Qb3
Kh8 9. Rd1 Na6 10. Qa3 Qb6 11. Rb1 Be6 12. d5 cxd5 13. Nxd5 Bxd5 14. cxd5 Ng4
15. e3 Nc5 16. Nd4 a5 17. Bd2 Rfc8 18. Be1 Ne5 19. Bf1 Ned7 20. Rbc1 Nf6 21.
Bg2 Qa6 22. Rc2 Nce4 23. Bf1 Qb6 24. Rxc8+ Rxc8 25. Bxa5 Qc5 26. Qxc5 dxc5 27.
Ne6 Ra8 28. Bd8 Ng8 29. a4 Rxa4 30. Bxe7 Nxe7 31. d6 Nc6 32. Bb5 Ra8 33. Bxc6
bxc6 34. d7 Bf6 35. d8=Q+ Bxd8 36. Rxd8+ Rxd8 37. Nxd8 Nd2 38. Nxc6 Nc4 39. b3
Nd2 40. Na5 Kg7 41. Kg2 g5 42. f3 g4 43. f4 h5 44. Kf2 Ne4+ 45. Ke2 Kf6 46. Nc4
Ke6 47. Nd2 Kd5 48. Kd3 Nf2+ 49. Kc2 Nh3 50. Kd3 Nf2+ 51. Ke2 Ne4 52. Nb1 c4
53. bxc4+ Kxc4 54. Nd2+ Kd5 55. Nb3 Ke6 56. Kd3 Kd5 57. Nd4 Nc5+ 58. Ke2 Ke4
59. Nb5 Kd5 60. Nd4 Ke4 61. Nc6 Na4 62. Nd4 Nc3+ 63. Kd2 Nd5 64. Nc2 Kf3 65.
Nd4+ Ke4 66. Nc2 Kf3 67. Nd4+ 1/2-1/2

[Event "Elit(Orgryte-Rockaden,Sthlm)"]
[Site "?"]
[Date "2012.10.06"]
[Round "2"]
[White "Ziegler, Ari"]
[Black "Blomqvist, Erik"]
[Result "1/2-1/2"]
[WhiteElo "2428"]
[BlackElo "2505"]
[PlyCount "85"]

1. e4 c5 2. Nf3 e6 3. d4 cxd4 4. Nxd4 a6 5. c4 Nf6 6. Nc3 Qc7 7. Be3 Bb4 8. Bd3
Bxc3+ 9. bxc3 d6 10. g4 h6 11. f4 e5 12. Nf5 Bxf5 13. exf5 Nbd7 14. g5 exf4 15.
gxf6 fxe3 16. fxg7 Rg8 17. Rg1 Qa5 18. Qc2 Qe5 19. O-O-O Rxg7 20. Rxg7 Qxg7 21.
Be4 O-O-O 22. Rxd6 e2 23. Qxe2 Qxc3+ 24. Kd1 Rg8 25. Qd2 Rg1+ 26. Ke2 Qxc4+ 27.
Kf2 Qf1+ 28. Ke3 Qh3+ 29. Kd4 Kc7 30. Rxh6 Qg4 31. Qc2+ Kb8 32. Rh8+ Ka7 33.
Ra8+ Kb6 34. Qb3+ Ka5 35. Qc3+ Kb5 36. Qc4+ Ka5 37. Qc3+ Kb5 38. Qc4+ Ka5 39.
Qc3+ Kb5 40. Qb3+ Ka5 41. Qc3+ Kb5 42. Qc4+ Ka5 43. Qc3+ 1/2-1/2

[Event "Elit(Orgryte-Rockaden,Sthlm)"]
[Site "?"]
[Date "2012.10.06"]
[Round "2"]
[White "Barkhagen, Jonas"]
[Black "Frisk Kockum, Anton"]
[Result "0-1"]
[WhiteElo "2506"]
[BlackElo "2415"]
[PlyCount "136"]

1. d4 Nf6 2. c4 e6 3. Nc3 Bb4 4. Qc2 O-O 5. a3 Bxc3+ 6. Qxc3 b6 7. Bg5 Ba6 8.
Qf3 Nc6 9. e3 h6 10. Bxf6 Qxf6 11. Qxf6 gxf6 12. Rc1 Ne7 13. Bd3 Rac8 14. Ke2
c5 15. Nf3 cxd4 16. Nxd4 e5 17. Nf3 Rc7 18. Rc3 d6 19. Kd2 f5 20. Nh4 Bc8 21.
f4 Be6 22. Rf1 e4 23. Be2 d5 24. Rfc1 dxc4 25. Bxc4 Rd8+ 26. Ke2 Rcd7 27. R1c2
Nd5 28. Bxd5 Rxd5 29. h3 Kg7 30. Rc7 a5 31. R7c6 Rb5 32. Kf2 Rd1 33. Re2 h5 34.
Rcc2 Rbd5 35. Re1 R1d3 36. Rc6 b5 37. Re2 b4 38. axb4 axb4 39. Rb6 b3 40. Rb4
Rc5 41. Rd4 Rc2 42. Ke1 Rc1+ 43. Kf2 Rxd4 44. exd4 Rd1 45. Re3 Rd2+ 46. Re2
Rxd4 47. Ke1 Kf6 48. Rd2 Ra4 49. Kf2 Ra1 50. Ke3 Re1+ 51. Re2 Rb1 52. Rd2 Ke7
53. Kf2 Bc8 54. Ke3 Be6 55. Kf2 Rc1 56. Ke3 Rc8 57. Kf2 Rc6 58. Ke3 Kf6 59. Kf2
Bc4 60. g3 Bd3 61. Ng2 Rc1 62. Ne3 Rb1 63. Nd5+ Ke6 64. Nc3 Rc1 65. Nd1 Rb1 66.
Nc3 Rf1+ 67. Kg2 Rc1 68. Kf2 Rxc3 0-1

[Event "Elit(Orgryte-Rockaden,Sthlm)"]
[Site "?"]
[Date "2012.10.06"]
[Round "2"]
[White "Gajic, Mladen"]
[Black "Wiedenkeller, Michael"]
[Result "0-1"]
[WhiteElo "2315"]
[BlackElo "2533"]
[PlyCount "96"]

1. e4 e6 2. d3 d5 3. Nd2 Nf6 4. Ngf3 b6 5. g3 Bb7 6. Bg2 dxe4 7. Ng5 c5 8. O-O
Be7 9. dxe4 e5 10. c3 O-O 11. Re1 Qc7 12. Bf1 h6 13. Ngf3 Rd8 14. Qc2 Nc6 15.
a4 Na5 16. Nc4 Nxc4 17. Bxc4 a6 18. Nh4 Bf8 19. f3 Bc6 20. Bf1 g6 21. Ng2 b5
22. axb5 axb5 23. Rxa8 Rxa8 24. c4 bxc4 25. Bxc4 Ne8 26. Ne3 Nd6 27. Bd5 Nb5
28. Qf2 Nd4 29. Bd2 Rb8 30. Bc3 Bg7 31. Bc4 Kh7 32. Nd5 Qd6 33. f4 Rb7 34. Bxd4
exd4 35. b3 Qd8 36. f5 Ra7 37. Rf1 Be5 38. h4 Qd6 39. Kg2 d3 40. Rd1 Bd4 41.
Qf1 Ra2+ 42. Kh3 Bd7 43. Qf4 Be5 44. Qf3 gxf5 45. exf5 Bxg3 46. Nf6+ Qxf6 47.
Kxg3 Qe5+ 48. Kg4 Rg2+ 0-1

[Event "Elit(Orgryte-Rockaden,Sthlm)"]
[Site "?"]
[Date "2012.10.06"]
[Round "2"]
[White "Bator, Robert"]
[Black "Kumar, Rahul"]
[Result "1-0"]
[WhiteElo "2476"]
[BlackElo "2259"]
[PlyCount "55"]

1. d4 d6 2. Nf3 g6 3. g3 Bg7 4. Bg2 Nf6 5. O-O O-O 6. c4 c6 7. Nc3 Nbd7 8. e4
a5 9. h3 Qc7 10. Be3 e5 11. Qc2 Re8 12. Rad1 Nb6 13. b3 Nfd7 14. c5 exd4 15.
cxb6 Nxb6 16. Bxd4 Bf8 17. Nb5 Qd8 18. Bxb6 Qxb6 19. Nxd6 Rd8 20. e5 h6 21.
Nxc8 Raxc8 22. e6 f5 23. e7 Bxe7 24. Qc4+ Kg7 25. Ne5 Rf8 26. Qe6 Bf6 27. Rd7+
Kh8 28. Nxg6# 1-0